Biografía de un traficante de no se / (Record no. 6006)

MARC details
000 -LEADER
campo de control de longitud fija 00659nam a2200229 i 4500
001 - NÚMERO DE CONTROL
campo de control 6006
003 - IDENTIFICADOR DE NÚMERO DE CONTROL
campo de control ES-MaACL
007 - CAMPO FIJO DE DESCRIPCIÓN FÍSICA--INFORMACIÓN GENERAL
campo de control de longitud fija t|
008 - DATOS DE LONGITUD FIJA--INFORMACIÓN GENERAL
campo de control de longitud fija 890622s1989 sp ||||1| spa d
020 ## - NÚMERO INTERNACIONAL ESTÁNDAR DEL LIBRO
Número Internacional Estándar del Libro 84-321-2495-8
080 ## - NÚMERO DE LA CLASIFICACIÓN DECIMAL UNIVERSAL
Número de la Clasificación Decimal Universal 86-14"19"
080 ## - NÚMERO DE LA CLASIFICACIÓN DECIMAL UNIVERSAL
Número de la Clasificación Decimal Universal 86(Martin Mendez,A.7 B.01)
100 1# - ENTRADA PRINCIPAL--NOMBRE DE PERSONA
Nombre de persona Martín Méndez, Alberto.
9 (RLIN) 77566
245 10 - MENCIÓN DEL TÍTULO
Título Biografía de un traficante de no se /
Mención de responsabilidad, etc. Alberto Martínez Méndez.
260 ## - PUBLICACIÓN, DISTRIBUCIÓN, ETC.
Lugar de publicación, distribución, etc. Madrid :
Nombre del editor, distribuidor, etc. Rialp,
Fecha de publicación, distribución, etc. 1989.
300 ## - DESCRIPCIÓN FÍSICA
Extensión 74 p. ;
Dimensiones 18 cm.
490 1# - MENCIÓN DE SERIE
Mención de serie Adonais ;
Designación de volumen o secuencia 461
500 ## - NOTA GENERAL
Nota general Accesit del Premio Adonais 1988.
830 00 - PUNTO DE ACCESO ADICIONAL DE SERIE-TÍTULO UNIFORME
Título uniforme Adonáis
Designación de volumen o secuencia 461
9 (RLIN) 173743
852 ## - LOCALIZACIÓN
Ubicación ES-MaACL
Número de control de estantería J-23-461
Sublocalización o colección R.127948
Holdings
Estatus retirado Estado de pérdida Estado de daño No para préstamo Biblioteca de origen Biblioteca actual Ubicación en estantería Fecha de adquisición Fuente de adquisición Total de préstamos Signatura topográfica completa Código de barras Visto por última vez Precio de reemplazo Tipo de ítem Koha
        Biblioteca del Ateneo de Madrid Biblioteca del Ateneo de Madrid Depósito 2 17/01/2008     J-23-461 1006104 23/02/2023 23/02/2023 Libro impreso